|
|
|
|
| LEADER |
00000nam0a2200000 4500 |
| 001 |
220092 |
| 005 |
20231031195326.0 |
| 020 |
|
|
|a RU
|b 89-82698
|
| 035 |
|
|
|a (RuTPU)RU\TPU\book\240206
|
| 090 |
|
|
|a 220092
|
| 100 |
|
|
|a 20120813d1989 m y0rusy5003 ca
|
| 101 |
0 |
|
|a rus
|
| 102 |
|
|
|a RU
|
| 105 |
|
|
|a a j 001zy
|
| 200 |
1 |
|
|a Проектирование радиосистем обмена информацией
|e учебное пособие
|f И. Д. Калашников, В. В. Черкасов
|g Московский авиационный институт (МАИ)
|
| 210 |
|
|
|a Москва
|c Изд-во МАИ
|d 1989
|
| 215 |
|
|
|a 56 с.
|c ил.
|
| 320 |
|
|
|a Библиогр.: с. 53-54 (17 назв.).
|
| 610 |
1 |
|
|a радиотехнические системы
|
| 610 |
1 |
|
|a космическая радиосвязь
|
| 610 |
1 |
|
|a авиационная радиосвязь
|
| 610 |
1 |
|
|a проектирование
|
| 610 |
1 |
|
|a радиосети
|
| 610 |
1 |
|
|a каналы
|
| 610 |
1 |
|
|a информационное обслуживание
|
| 610 |
1 |
|
|a учебные пособия
|
| 675 |
|
|
|a 621.391.3(075.8)
|z rus
|
| 686 |
|
|
|a 47.13
|2 rugasnti
|
| 700 |
|
1 |
|a Калашников
|b И. Д.
|g Игорь Дмитриевич
|4 070
|
| 701 |
|
1 |
|a Черкасов
|b В. В.
|g Вадим Валентинович
|4 070
|
| 712 |
0 |
2 |
|a Московский авиационный институт (МАИ)
|2 stltpush
|3 (RuTPU)RU\TPU\col\3642
|
| 801 |
|
0 |
|a RU
|b RuMRKP
|c 19950417
|g psbo
|
| 801 |
|
1 |
|a RU
|b 63413507
|c 20120813
|
| 801 |
|
2 |
|a RU
|b 63413507
|c 20121114
|g RCR
|
| 942 |
|
|
|c BK
|